| 000 | 00830nam a22002057a 4500 | ||
|---|---|---|---|
| 999 |
_c17050 _d17050 |
||
| 003 | AR-CdUCM | ||
| 008 | 190507b ||||| |||| 00| 0 spa d | ||
| 020 | _a84-344-0734-5 | ||
| 040 |
_aMUNICIPALIDAD PROVINCIAL DEL CUSCO _cBIBLIOTECA MUNICIPAL DEL CUSCO |
||
| 082 |
_a341 / _bD71 |
||
| 100 |
_aDíaz Picazo, Luis. _936868 |
||
| 245 | _aExperiencias jurídicas y teoría del derecho / | ||
| 260 |
_aBarcelona : _bAriel, _c1973. |
||
| 300 |
_a327 páginas ; _c19 cm. |
||
| 505 | _aContenido :Las experiencias y los fenómenos jurídicos -- Proposiciones jurídicas y reglas de derecho -- Deber.ser deber-ser jurídico -- Análisis de las normas legales -- Normas jurídicas y textos legales ... | ||
| 650 |
_aDerecho civil. _97386 |
||
| 650 |
_aDerecho internacional. _95497 |
||
| 942 |
_2ddc _cLIBROS |
||
| 945 |
_arum _d2019-05-07 |
||